Pokémon - Formes régionales - Statistiques

Statistiques générales
  • Ce quiz a été pris 87 fois
  • Le résultat moyen est 41 sur 54
Statistiques - réponses
Réponse % Correct
Feunard
94%
Goupix
94%
Rattata
94%
Rattatac
94%
Raichu
92%
Miaouss
91%
Noadkoko
91%
Sabelette
91%
Sablaireau
91%
Persian
89%
Arcanin
85%
Caninos
85%
Ossatueur
83%
Taupiqueur
83%
Typhlosion
82%
Archéduc
80%
Artikodin
80%
Clamiral
80%
Électhor
80%
Gravalanch
80%
Grolem
80%
Racaillou
80%
Sulfura
80%
Triopikeur
80%
Galopa
79%
Grotadmorv
79%
Ponyta
79%
Tadmorv
79%
Axoloto
77%
Smogogo
76%
Tauros
76%
Électrode
74%
Flagadoss
74%
M. Mime
74%
Ramoloss
74%
Voltorbe
74%
Canarticho
70%
Zigzaton
70%
Fragilady
68%
Linéon
68%
Zorua
68%
Farfuret
67%
Zoroark
67%
Gueriaigle
65%
Qwilfish
65%
Roigada
65%
Tutafeh
65%
Corayon
64%
Séracrawl
62%
Darumacho
59%
Darumarond
59%
Limonde
59%
Colimucus
55%
Muplodocus
55%
Aucun quiz correspondant
Distribution des résultats
% des personnes avec chaque résultat
Percentile par nombre de réponses
Votre historique - résultats
Vous n’avez pas pris ce quiz